<Des> Transports surs & durables <une> garantie de qualité

Gespeichert in:
Bibliographische Detailangaben
Körperschaft: OECD. European Conference of Ministers of Transport
Format: Buch
Sprache:Französisch
Veröffentlicht: Paris OCDE 2003
Schlagworte:
Tags: Tag hinzufügen
Keine Tags, Fügen Sie das erste Tag hinzu!

MARC

LEADER 00000nam a2200000 4500
001 c143198
005 20221124084830.8
020 |a 92-821-2303-0 
041 0 |a fre 
044 |a FR 
245 1 0 |a <Des> Transports surs & durables  |b <une> garantie de qualité 
264 1 |a Paris  |b OCDE  |c 2003 
300 |a 243 s. 
610 2 0 |a doprava 
610 2 0 |a bezpečnosť dopravy 
610 2 0 |a doprava cestná 
610 2 0 |a vodiči 
610 2 0 |a vláda 
610 2 0 |a doprava individuálna 
610 2 0 |a plánovanie 
610 2 0 |a infraštruktúra 
610 2 0 |a doprava verejná 
610 2 0 |a porovnanie medzinárodné 
610 2 0 |a svet 
610 2 0 |a OECD 
710 2 |a OECD. European Conference of Ministers of Transport